Cities in Nevada by picture - Statistics

General Stats
  • This quiz has been taken 16 times
  • The average score is 6 of 16
Answer Stats
Picture Answer % Correct
Las Vegas
92%
Reno
92%
Henderson
75%
Carson City
58%
Elko
42%
North Las Vegas
42%
Winnemucca
33%
Boulder City
25%
Fallon
25%
Mesquite
25%
Tonopah
25%
Ely
17%
Fernlay
17%
Carlin
0%
Wells
0%
Yerington
0%
No matching quizzes found
Score Distribution
Percent of People with Each Score
Percentile by Number Answered
Your Score History
You have not taken this quiz